000 00335nam a22001097a 4500
008 160613b xxu||||| |||| 00| 0 eng d
020 _a9780763763442
041 _aeng
080 _a618.2
245 _aInnovative teaching strategies in nursing and related health professions:
_cMartha J. Bradshaw; Arlene J. Lowenstein;
942 _2udc
_cBK
999 _c2491
_d2491